000 03365cam a22012254i 4500
003 PE-LiUPU
005 20250813185608.0
008 150706s2010 pe a rb 000 0 spa d
020 _a9789972571596
035 _a(Sirsi) i9789972571596
040 _aPE-LiUPU
_bspa
_cPE-LiUPU
_erda
049 _aPRUA
082 0 4 _a331.544
_bY77
_221
100 1 _aYamada, Gustavo,
_eautor.
245 1 0 _aMigración interna en el Perú /
_cGustavo Yamada.
264 1 _aLima :
_bUniversidad del Pacífico,
_c2010.
300 _a117 páginas :
_bilustraciones ;
_c21 cm.
336 _atext
_2rdacontent
337 _aunmediated
_2rdamedia
338 _avolume
_2rdacarrier
490 0 _aDocumento de trabajo ;
_v18
504 _aIncluye bibliografía.
505 0 _aTendencias recientes en el crecimiento económico regional -- Tendencias recientes en los indicadores de empleo regional -- Tendencias recientes en la migración interna -- Perspectivas migratorias y laborales 2002-2007 -- Comparación con anteriores patrones de migración -- Evaluación de otras características de la migración -- Migración y otros indicadores de bienestar -- Migración y convergencia del PBI regional -- Migración y convergencia regional de los ingresos.
526 _aP202
526 _aP201
526 _aP163
526 _aP162
526 _aP161
526 _aP160
526 _aP148
526 _aP147
526 _aP146
526 _aP145
526 _aP144
526 _aP143
526 _aP142
526 _aP141
526 _aP140
526 _aP139
526 _aP138
526 _aP137
526 _aP136
526 _aP135
526 _aP134
526 _aP133
526 _aP129
526 _aP128
526 _aP127
526 _aP120
526 _aP119
526 _aP118
526 _aP116
526 _aP115
526 _aP114
526 _aP110
526 _aP109
526 _aP108
526 _aP104
526 _aP103
526 _aP102
526 _aP99
526 _aP98
526 _aP97
526 _aP96
526 _aP95
526 _aP93
526 _aP90
526 _aP89
526 _aP88
526 _aP83
526 _aP82
526 _aP62
526 _aP59
526 _aP58
526 _aP57
526 _aP51
526 _aP49
526 _aP48
526 _aP47
526 _aP29
526 _aP24
526 _aP20
526 _aP19
526 _aP17
526 _aP15
526 _aP14
526 _aP12
526 _aP10
526 _aP09
526 _aP08
526 _aP07
526 _aP06
526 _aP05
526 _aP04
526 _aP01
541 _g202-0001278;
650 0 4 _aMigración interna
_xAspectos económicos
_zPerú.
650 0 4 _aMercado de trabajo
_zPerú.
910 _agl
_bjv
_clch
_d20111211
942 _2ddc
_cBOOK
949 _a331.544 Y77
_wDEWEY
_c1
_i64145
_lCCODEBUL1
_mBUL
_p11.00
_r0
_sY
_tBOOK
_u2015-7-6
_xFCE
_PP04
_o.STAFF. Colección General
994 _aC0
_bPEPRU
596 _a1
999 _a331.544 Y77
_wDEWEY
_c52978
_i64145
_d52978
_e2018-6-13
_f2021-11-5
_g6
_lCCODEBUL1
_mBUL
_n2
_p11.00
_q1
_r0
_sY
_tBOOK
_u2015-7-6
_xFCE
_PP04
_0COMPRA
_o.STAFF. Colección General
980 _81
_gALBERTO SANCHEZ Responsable de Automatización